00965cam a22003013a 4500001000500000005001700005008004100022020002400063040003500087050001400122082000800136100002500144245004100169260004100210300002400251490003600275500002600311505000800337520012100345521002000466521002000486650002100506650002100527650003700548650001900585655003100604655002800635106720230815161945.0990427s1999 nyu j 000 1 eng d a0590036394 (pbk.) : aUUPcUUPdOCLdOCLCQdDLCbeng00aPZ7.A6483 aFic1 aApplegate, Katherine10aElfangor's secret /cK.A. Applegate. aNew York, N.Y. :bScholastic,c1998. a208 pages :c20 cm.1 aAnimorphs. Megamorphs ;vBook 3 a"An Apple paperback." aK  aVisser Four has found the Time Matrix, the machine Elfangor had hidden, and he plans to use it to become Visser One.0 a520 bLexile 1 aK bRaz-Plus  0aScience fiction. 0aScience fiction. 0aMetamorphosisvJuvenile fiction. 0aMetamorphosis. 7aYoung adult fiction.2lcsh 7aScience fiction.2gsafd